000 00407nam a22001697a 4500
005 20160527110720.0
008 160527b xxu||||| |||| 00| 0 eng d
020 _a9-814-12622-5
041 _aeng
082 _b5419
100 _aKurtz, David L. and other
_91356
245 _aService Marketing
260 _aNew Delhi
_bAcademic Faundation
300 _a561
650 _aManagement
_9241
942 _cBK
999 _c1929
_d1928